000 01248nam a22002535i 4500
001 156103
003 ES-MaACL
005 20250828004909.0
008 040727s1882 gw |||| | ger d
040 _aCAM
_bspa
_cCAM
100 1 _aIselin, Isaak.
_9157909
245 1 0 _aPädagogische schriften
_b: nebst seinem pädagosgischen Briefwechsel mit Joh. Casp. Lavater und J.G. Schlosser /
_cIsaak Iselins ; herausgegeben von Hugo Göring . Mit einer einleitung von Edmund Meyer.
260 _aLangensalza :
_bdruck und verlag von Hermann Beyer & Söhne,
_c1882.
300 _aX, 350 p. ;
_c21 cm.
490 1 _aBibliothek pädagogischer klassiker : eine sammlung der bedeutendsten pädagogischen schriften / herausgegeben von Friedrich Mann ;
_v21
650 0 7 _aPedagogía
_2embne
_915904
700 1 _aGöring, Hugo.
_9127736
700 1 _aMeyer, Edmund.
_9129888
700 1 _aLavater, Johann Caspar (
_d1741-1801)
_9157904
700 1 _aSchlosser, Johann Georg.
_9157910
830 0 _aBibliothek pädagogischer klassiker : eine sammlung der bedeutendsten pädagogischen schriften / herausgegeben von Friedrich Mann ;
_v21
_9221635
852 _aES-MaACL
_jG-15176
_z-- Enc. hol., conservando la cub. original
999 _c156103
_d156103